|
|
|
|
| LEADER |
00000nam0a2200000 4500 |
| 001 |
374038 |
| 005 |
20231102012623.0 |
| 035 |
|
|
|a (RuTPU)RU\TPU\retro\31471
|
| 035 |
|
|
|a RU\TPU\book\299540
|
| 090 |
|
|
|a 374038
|
| 100 |
|
|
|a 20221216d1984 k y0rusy50 ca
|
| 101 |
0 |
|
|a rus
|
| 102 |
|
|
|a MD
|
| 105 |
|
|
|a a z 001zy
|
| 200 |
1 |
|
|a Столкновения частиц и ядер с ядрами при промежуточных и высоких энергиях
|f Академия наук Молдавской ССР (АН МССР), Институт прикладной физики
|
| 210 |
|
|
|a Кишинев
|c Штиинца
|d 1984
|
| 215 |
|
|
|a 93 с.
|c ил.
|
| 320 |
|
|
|a Библиография в конце статей
|
| 606 |
1 |
|
|a Элементарные частицы при высоких энергиях
|x Взаимодействие
|2 stltpush
|3 (RuTPU)RU\TPU\subj\21130
|9 46169
|
| 610 |
1 |
|
|a ион-ионные потенциалы
|
| 610 |
1 |
|
|a тяжелые ионы
|
| 610 |
1 |
|
|a реакции
|
| 610 |
1 |
|
|a масса
|
| 610 |
1 |
|
|a заряд
|
| 610 |
1 |
|
|a диссипация
|
| 610 |
1 |
|
|a ядра
|
| 610 |
1 |
|
|a расщепление
|
| 610 |
1 |
|
|a ядро-ядерное рассеяние
|
| 610 |
1 |
|
|a нуклоны
|
| 610 |
1 |
|
|a нейтроны
|
| 610 |
1 |
|
|a дейтроны
|
| 675 |
|
|
|a 539.17
|v 4
|
| 712 |
0 |
2 |
|a Академия наук Молдавской ССР (АН МССР)
|b Институт прикладной физики
|c (Кишинев)
|2 stltpush
|3 (RuTPU)RU\TPU\col\11347
|
| 801 |
|
1 |
|a RU
|b 63413507
|c 20141120
|
| 801 |
|
2 |
|a RU
|b 63413507
|c 20221216
|g RCR
|
| 942 |
|
|
|c BK
|